|
|
|
|
| LEADER |
00000nam0a2200000 4500 |
| 001 |
251854 |
| 005 |
20251030163224.0 |
| 010 |
|
|
|a 9785445857075
|
| 035 |
|
|
|a (RuTPU)RU\TPU\book\274166
|
| 090 |
|
|
|a 251854
|
| 100 |
|
|
|a 20140225d2014 k y0rusy50 ca
|
| 101 |
0 |
|
|a rus
|
| 102 |
|
|
|a RU
|
| 105 |
|
|
|a y z 001zy
|
| 200 |
1 |
|
|a Русь на путях к «Третьему Риму»
|f А. Н. Сахаров
|
| 205 |
|
|
|a [2-е изд., доп.]
|
| 210 |
|
|
|a Москва
|c Директ-Медиа
|d 2014
|
| 215 |
|
|
|a 170 с.
|
| 320 |
|
|
|a Указатель имен: с. 163-168.
|
| 330 |
|
|
|a Книга известного российского историка, члена-корреспондента РАН, профессора А. Н. Сахарова посвящена проблеме преемственности цивилизаций Древнего Рима, Восточно-Римской империи (Византии) и Московской Руси, «Третьего Рима», позднее — Российской империи. Важнейшее место в этой системе преемственности занимала Древняя Русь, которая стала своеобразным историческим мостом, посредством которого транслировался культурный, социальный, политический, религиозный опыт древних империй в земли восточных славян и созданных ими государств.Второе издание, дополненное.
|
| 606 |
|
|
|a Древняя Русь
|x История
|2 stltpush
|3 (RuTPU)RU\TPU\subj\65069
|9 81697
|
| 610 |
1 |
|
|a Россия
|
| 610 |
1 |
|
|a история России
|
| 610 |
1 |
|
|a Рим
|
| 610 |
1 |
|
|a Константинополь
|
| 610 |
1 |
|
|a политическое наследие
|
| 610 |
1 |
|
|a культурное наследие
|
| 610 |
1 |
|
|a религия
|
| 686 |
|
|
|a Т3(2)41
|v LBC/SL-A
|2 rubbk
|
| 700 |
|
1 |
|a Сахаров
|b А. Н.
|g Андрей Николаевич
|
| 801 |
|
1 |
|a RU
|b 63413507
|c 20140225
|
| 801 |
|
2 |
|a RU
|b 63413507
|c 20140616
|g RCR
|
| 942 |
|
|
|c BK
|
| 959 |
|
|
|a 37/20140225
|d 1
|e 503,58
|f ЧЗГЛ:1
|